000 00788nam a2200241Ia 4500
999 _c41748
_d41748
003 GCL
005 20240530103708.0
008 140319s9999 xx 000 0 ara d
040 _aGCL /
_cGCL
082 0 4 _a030.004
_bم د
100 1 _aمحمد فهمى طلبه
245 1 0 _aدائرة معارف الحاسب الالكترونى /
_cمحمد فهمى طلبه
260 _a[S.N] :
_bدلتا كمبيوتر ،
_c1991
300 _a481
490 _aمجموعة كتب دلتا
_v0
650 0 4 _aالحاسبات الالكترونية
650 0 4 _aالمراجع المتخصصة
650 0 4 _aدائرة معارف
700 1 _aعبدالمنعم يوسف بلال
700 1 _aمحمد على الشرقاوى
700 1 _aعمرو جنيد
942 _2ddc
_cBK